| 000 | 01159nam a2200205Ia 4500 | ||
|---|---|---|---|
| 001 | 6519 | ||
| 008 | 260427s9999 xx 000 0 und d | ||
| 020 | _a9780593530061 | ||
| 245 | 0 |
_aKapaemahu/ _cAuthors: Hinaleimoana Wong-Kalu, Dean Hamer, and Joe Wilson. Illustrator: Daniel Sousa |
|
| 260 |
_aNY; _bKokila/Penguin Random House; _c2022 |
||
| 300 |
_a50p; _c24x24cm |
||
| 520 | _aIn the 15th century, four Mahu sail from Tahiti to Hawaii and share their gifts of science and healing with the people of Waikiki. The islanders return this gift with a monument of four boulders in their honor, which the Mahu imbue with healing powers before disappearing. As time passes, foreigners inhabit the island and the once-sacred stones are forgotten until the 1960s. Though the true story of these stones was not fully recovered, the power of the Mahu still calls out to those who pass by them at Waikiki Beach today. | ||
| 546 | _aHawaiian; English | ||
| 650 |
_aFolk literature _99343 |
||
| 650 |
_aIndigenous societies _99260 |
||
| 650 |
_aPN1-6790 Literature (General) _921 |
||
| 651 |
_aHawaii _92928 |
||
| 655 |
_aIllustrated volume _99344 |
||
| 942 | _cBK | ||
| 999 |
_c6519 _d6519 |
||